[Event "HUN-chT2 Erkel 0809"]
[Site "Hungary"]
[Date "2009.04.19"]
[Round "11.9"]
[White "Szlabey, Geza"]
[Black "Bokros, Istvan"]
[Result "1/2-1/2"]
[WhiteElo "2008"]
[BlackElo "2085"]
[PlyCount "136"]
[EventDate "2008.10.26"]
[EventType "team-tourn"]
[EventRounds "11"]
[EventCountry "HUN"]
[SourceTitle "EXT 2010"]
[Source "ChessBase"]
[SourceDate "2010.11.25"]
[SourceVersion "1"]
[SourceVersionDate "2010.11.25"]
[SourceQuality "1"]
[WhiteTeam "Foti"]
[BlackTeam "PSE II"]
[WhiteTeamCountry "HUN"]
[BlackTeamCountry "HUN"]

1. e4 c5 2. Nf3 d6 3. d4 Nf6 4. Nc3 cxd4 5. Nxd4 g6 6. Bg5 Bg7 7. Qd2 0-0 8. f3 Nc6 9. Nb3 Be6 10. 0-0-0 a5 11. Bb5 Qc7 12. Kb1 Ne5 13. Bh6 Nc4 14. Bxc4 Bxc4 15. Bxg7 Kxg7 16. Nd4 a4 17. b3 axb3 18. cxb3 Ba6 19. Rc1 Qa5 20. Rhd1 Rfc8 21. Qb2 e5 22. b4 Qb6 23. Nde2 Bc4 24. Rd2 Bxe2 25. Nxe2 Rxc1+ 26. Nxc1 Ra4 27. a3 Qa6 28. Ka2 Ne8 29. Ne2 Qc4+ 30. Qb3 Qe6 31. Nc3 Ra8 32. Nd5 b5 33. Rc2 Rc8 34. Rxc8 Qxc8 35. Qc3 Qb7 36. g4 Qa7 37. Qe3 Qa4 38. Kb2 Qd1 39. h4 Qf1 40. h5 Qg2+ 41. Kb3 Qh1 42. h6+ Kf8 43. Nc3 Qf1 44. a4 bxa4+ 45. Kxa4 Nc7 46. Qb6 Qc4 47. Qxd6+ Ke8 48. Qxe5+ Kd7 49. Qc5 Qa6+ 50. Kb3 Qd3 51. b5 Qxf3 52. b6 Ne6 53. Qd5+ Kc8 54. Kb4 Qf2 55. Qa8+ Kd7 56. Qa7+ Kc6 57. Qa8+ Kd7 58. Qa4+ Kd8 59. b7 Qb2+ 60. Qb3 Qxb3+ 61. Kxb3 Nc5+ 62. Kc4 Nxb7 63. Nd5 Nd6+ 64. Kd4 f6 65. Nxf6 Nf7 66. e5 Ke7 67. Ke4 Nxh6 68. Nxh7 Nxg4 1/2-1/2